[Event "Tournament 14472 - Europe Echecs"]
[Site "Europe Echecs"]
[Date "2020.07.10"]
[Round "6"]
[Time "16:40:13"]
[PlyCount "115"]
[White "DeMendoncaLeo"]
[Black "MiomandreMouni"]
[WhiteElo "1199"]
[BlackElo "1062"]
[Mode "WEB"]
[Result "0-1"]

1. e4 e5 2. Nf3 Nc6 3. Nxe5 Nxe5 4. d4 Ng6 5. Nc3 Nf6 6. Bb5 h6 7. O-O c6 8. Ba4
Be7 9. d5 O-O 10. dxc6 dxc6 11. Re1 Qxd1 12. Rxd1 Be6 13. Be3 Bb4 14. Ne2 Nxe4
15. f3 Nf6 16. Nd4 c5 17. Nxe6 fxe6 18. Bb3 Rfe8 19. c3 Ba5 20. Rd6 Nf8 21. Rad1
Bc7 22. R6d2 b6 23. Kf2 Rad8 24. Ke2 Rxd2+ 25. Bxd2 Bxh2 26. Be3 Ng6 27. Rd6
Bxd6 28. g4 Nf4+ 29. Bxf4 Bxf4 30. Ba4 Rd8 31. Bb3 Kf7 32. Kf2 Rd2+ 33. Ke1 Rxb2
34. Bc4 Bd2+ 35. Ke2 Bxc3+ 36. Kd3 Be5 37. a3 h5 38. gxh5 Nxh5 39. Ke4 Bh2 40.
a4 Rb4 41. Kd3 Rxa4 42. f4 Nxf4+ 43. Kc3 g5 44. Kb3 Ra1 45. Kc3 g4 46. Kb3 g3
47. Kb2 g2 48. Kxa1 g1=Q+ 49. Kb2 Qd4+ 50. Kb3 Nd3 51. Bxd3 Qxd3+ 52. Ka4 Qb1
53. Ka3 Kf6 54. Ka4 Ke5 55. Ka3 Kd4 56. Ka4 Kc3 57. Ka3 Qb3# {DeMendoncaLeo est échec et mat} 0-1

[Event "Tournament 14472 - Europe Echecs"]
[Site "Europe Echecs"]
[Date "2020.07.10"]
[Round "6"]
[Time "16:40:13"]
[PlyCount "113"]
[White "BerezovskyJona"]
[Black "ElimortJessene"]
[WhiteElo "1130"]
[BlackElo "1199"]
[Mode "WEB"]
[Result "0-1"]

1. e4 e5 2. Nf3 Nc6 3. Bc4 Nf6 4. Nc3 Bc5 5. d3 Nd4 6. a3 Nxf3+ 7. Qxf3 d6 8.
Be3 Bg4 9. Qg3 Bxe3 10. Qxe3 Bd7 11. Nd5 Ng4 12. Qd2 c6 13. Ne3 Nf6 14. b4 O-O
15. O-O-O b5 16. Bb3 Qe8 17. h4 h6 18. Rdg1 Be6 19. Bxe6 Qxe6 20. Nf5 Qa2 21.
Nxh6+ gxh6 22. Qxh6 Qxa3+ 23. Kd2 Qxb4+ 24. Ke2 Nxe4 25. dxe4 Qxe4+ 26. Kd1 Qg4+
27. f3 Qg6 28. Qxg6+ fxg6 29. g4 Rxf3 30. h5 g5 31. h6 Kh7 32. Rh5 Rg8 33. Ke2
Ra3 34. Rf1 Ra2 35. Rf7+ Kg6 36. Rg7+ Rxg7 37. hxg7 Kxg7 38. Rxg5+ Kf6 39. Rh5
Rxc2+ 40. Kd3 Ra2 41. Rh6+ Kg5 42. Rxd6 Kxg4 43. Rxc6 Ra3+ 44. Kc2 e4 45. Re6 e3
46. Re5 b4 47. Re4+ Kf3 48. Rxb4 e2 49. Rb7 e1=Q 50. Rf7+ Kg2 51. Rg7+ Rg3 52.
Rxa7 Qf2+ 53. Kd1 Qxa7 54. Kc1 Rc3+ 55. Kd2 Qd4+ 56. Ke2 Re3# {BerezovskyJona est échec et mat} 0-1

[Event "Tournament 14472 - Europe Echecs"]
[Site "Europe Echecs"]
[Date "2020.07.10"]
[Round "6"]
[Time "16:40:13"]
[PlyCount "41"]
[White "DennebouyAlexa"]
[Black "GerardKelian"]
[WhiteElo "1160"]
[BlackElo "1056"]
[Mode "WEB"]
[Result "0-1"]

1. e4 e5 2. Nf3 Nc6 3. Bc4 Nd4 4. Ng5 Qxg5 5. d3 Qxg2 6. Rf1 Nf3+ 7. Ke2 d5 8.
Bxd5 Nxh2 9. Rh1 Bg4+ 10. Kd2 Bxd1 11. Kxd1 Qxh1+ 12. Kd2 Nf3+ 13. Ke3 Qxc1+ 14.
Kxf3 Qxb2 15. Bxb7 Qxa1 16. Bxa8 Qxb1 17. Bc6+ Ke7 18. c4 Qxd3+ 19. Kg4 Qxc4 20.
Bb7 Qxa2 {DennebouyAlexa a abandonné} 0-1

[Event "Tournament 14472 - Europe Echecs"]
[Site "Europe Echecs"]
[Date "2020.07.10"]
[Round "6"]
[Time "16:40:13"]
[PlyCount "52"]
[White "GuillotYoann"]
[Black "CayauNolanMael"]
[WhiteElo "1157"]
[BlackElo "999"]
[Mode "WEB"]
[Result "1-0"]

1. b3 e5 2. Bb2 Bc5 3. e3 Nf6 4. h3 Ne4 5. Bxe5 f6 6. Bb2 f5 7. Bxg7 Rg8 8. Qh5+
Ke7 9. Qxh7 Rf8 10. Bxf8+ Kxf8 11. Qxf5+ Nf6 12. Qxc5+ d6 13. Qd4 c5 14. Qc3 d5
15. Qxc5+ Kg8 16. c4 dxc4 17. Bxc4+ Kh8 18. Nf3 Ne4 19. Qd4+ Nf6 20. g4 Qxd4 21.
Nxd4 Ne4 22. Nc3 Nc6 23. Nxe4 Nb4 24. a3 Nc2+ 25. Nxc2 Bxg4 26. hxg4+ {CayauNolanMael a abandonné} 1-0

[Event "Tournament 14472 - Europe Echecs"]
[Site "Europe Echecs"]
[Date "2020.07.10"]
[Round "6"]
[Time "16:40:13"]
[PlyCount "48"]
[White "ClairMathieu"]
[Black "ChofardetPierr"]
[WhiteElo "1125"]
[BlackElo "1145"]
[Mode "WEB"]
[Result "1-0"]

1. d4 Nf6 2. Bf4 e6 3. e3 d5 4. Nf3 Bb4+ 5. c3 Bd6 6. Bg3 Nc6 7. Nbd2 O-O 8. Bd3
Bxg3 9. hxg3 h6 10. Ne5 Nxe5 11. dxe5 Nd7 12. Qg4 Nxe5 13. Qe2 Nxd3+ 14. Qxd3 c5
15. f4 Qb6 16. O-O-O Qa6 17. Qc2 Qxa2 18. Rh2 Qa1+ 19. Nb1 f5 20. Rdh1 Qa6 21.
g4 Bd7 22. g5 hxg5 23. fxg5 Ba4 24. g6 {ChofardetPierr a abandonné} 1-0

[Event "Tournament 14472 - Europe Echecs"]
[Site "Europe Echecs"]
[Date "2020.07.10"]
[Round "6"]
[Time "16:40:13"]
[PlyCount "70"]
[White "RevillardValen"]
[Black "JannotClement"]
[WhiteElo "1005"]
[BlackElo "1199"]
[Mode "WEB"]
[Result "1-0"]

1. e4 c5 2. Nf3 e6 3. d4 b6 4. Nc3 Ba6 5. Bxa6 Nxa6 6. Qd3 Nb4 7. Qd1 f6 8. Qe2
cxd4 9. Nxd4 e5 10. Nf3 Nh6 11. a3 Nc6 12. Bxh6 gxh6 13. O-O Nd4 14. Nxd4 exd4
15. Nb5 Bc5 16. c3 dxc3 17. Nxc3 Bd4 18. Rfd1 Bxc3 19. bxc3 O-O 20. Qe3 f5 21.
Qxh6 Rf6 22. Qg5+ Kh8 23. exf5 d5 24. Rd4 Qg8 25. Qxg8+ Rxg8 26. Rxd5 Re8 27. g4
Rf7 28. Rad1 Rg7 29. h3 a5 30. Rd8 Rgg8 31. Rxe8 Rxe8 32. Rd7 Re1+ 33. Kg2 Ra1
34. f6 Rxa3 35. Rd8# {JannotClement est échec et mat} 1-0

[Event "Tournament 14472 - Europe Echecs"]
[Site "Europe Echecs"]
[Date "2020.07.10"]
[Round "7"]
[Time "17:16:57"]
[PlyCount "127"]
[White "CavaillesEvan"]
[Black "SumarrivaPauliL"]
[WhiteElo "2018"]
[BlackElo "2023"]
[Mode "WEB"]
[Result "0-1"]

1. e4 e6 2. d4 d5 3. Nc3 Nf6 4. e5 Nfd7 5. f4 c5 6. Nf3 Nc6 7. Be3 Be7 8. Qd2
O-O 9. Be2 f6 10. exf6 Nxf6 11. dxc5 Ng4 12. O-O-O Nxe3 13. Qxe3 Qa5 14. Kb1
Bxc5 15. Qd2 Bb4 16. g3 Bd7 17. a3 Bxc3 18. Qxc3 Qxc3 19. bxc3 Rfd8 20. c4 Be8
21. cxd5 exd5 22. Rd2 h6 23. Rhd1 Bf7 24. Kb2 Rd6 25. c4 Rad8 26. Ne5 Nxe5 27.
fxe5 Rb6+ 28. Kc3 Rc8 29. Rd4 dxc4 30. Rd8+ Rxd8 31. Rxd8+ Kh7 32. Bxc4 Rc6 33.
Rd4 b5 34. Rd7 Bxc4 35. Rxa7 Re6 36. Kd4 Kg6 37. a4 Bf1 38. axb5 Bxb5 39. Kd5
Re8 40. Rb7 Be2 41. Kd6 Kf5 42. Rxg7 Rxe5 43. Rh7 Re6+ 44. Kd5 Rg6 45. Kd4 Bf3
46. Ke3 Bg4 47. Kf2 Kg5 48. Rf7 Rf6+ 49. Rxf6 Kxf6 50. Ke3 Ke5 51. Kd3 h5 52.
Ke3 Kf5 53. Kd3 Bf3 54. Ke3 Bd5 55. Kd4 Bc6 56. Ke3 Kg4 57. Kf2 Kh3 58. Ke3 Kxh2
59. Kf4 Kh3 60. Kg5 Be8 61. Kf4 Bf7 62. Kf3 Be6 63. Kf4 Bg4 {CavaillesEvan a abandonné} 0-1

[Event "Tournament 14472 - Europe Echecs"]
[Site "Europe Echecs"]
[Date "2020.07.10"]
[Round "7"]
[Time "17:16:57"]
[PlyCount "65"]
[White "LecciaThomas"]
[Black "MathieuPhileas"]
[WhiteElo "1893"]
[BlackElo "2214"]
[Mode "WEB"]
[Result "0-1"]

1. e4 c5 2. Nf3 Nc6 3. Bb5 e6 4. O-O Nge7 5. Re1 Nd4 6. Nxd4 cxd4 7. c3 a6 8.
Bf1 Nc6 9. d3 Bc5 10. Bf4 O-O 11. Nd2 b5 12. Nb3 Bb6 13. Bd6 Re8 14. e5 dxc3 15.
bxc3 Bc7 16. Bc5 Nxe5 17. d4 Ng6 18. Qf3 Rb8 19. Bd3 Bb7 20. Be4 Bxe4 21. Qxe4
Qg5 22. Rad1 Nh4 23. g3 Ng6 24. d5 d6 25. Be3 Qe5 26. Qd3 exd5 27. Ba7 Qxe1+ 28.
Rxe1 Rxe1+ 29. Kg2 Rbe8 30. Be3 Ne5 31. Qd2 Rg1+ 32. Kxg1 Nf3+ {LecciaThomas a abandonné} 0-1

[Event "Tournament 14472 - Europe Echecs"]
[Site "Europe Echecs"]
[Date "2020.07.10"]
[Round "7"]
[Time "17:16:57"]
[PlyCount "66"]
[White "KuhnClement"]
[Black "BrunPierre"]
[WhiteElo "2150"]
[BlackElo "1803"]
[Mode "WEB"]
[Result "1-0"]

1. e4 e5 2. Nf3 Nc6 3. Bb5 a6 4. Ba4 Nf6 5. O-O Be7 6. Re1 b5 7. Bb3 O-O 8. c3
d5 9. exd5 Nxd5 10. d3 Bg4 11. h3 Bh5 12. Bc2 f5 13. Nbd2 Nf4 14. Nf1 Bg5 15.
Ng3 Bxf3 16. Qxf3 Qd7 17. Nh5 Nxh5 18. Bxg5 g6 19. Bb3+ Kg7 20. Bd5 e4 21. dxe4
Ne5 22. Qe3 Rae8 23. f4 Nf7 24. Qd4+ Kg8 25. e5 Ng3 26. e6 Qd6 27. exf7+ Rxf7
28. Rxe8+ Qf8 29. Bxf7+ Kxf7 30. Qd7+ Kg8 31. Rxf8+ Kxf8 32. Bh6+ Kg8 33. Qg7# {BrunPierre est échec et mat} 1-0

[Event "Tournament 14472 - Europe Echecs"]
[Site "Europe Echecs"]
[Date "2020.07.10"]
[Round "7"]
[Time "17:16:57"]
[PlyCount "66"]
[White "MartinezMartin"]
[Black "CandelotClemen"]
[WhiteElo "1917"]
[BlackElo "2089"]
[Mode "WEB"]
[Result "1-0"]

1. d4 d5 2. c4 e6 3. Nf3 c6 4. Qc2 Nf6 5. e3 Nbd7 6. b3 Bd6 7. Bb2 Ne4 8. Nbd2
f5 9. Bd3 O-O 10. Ne5 Nxe5 11. dxe5 Bb4 12. Bxe4 fxe4 13. O-O Qg5 14. Rfd1 Ba5
15. Ba3 Rf7 16. Bd6 Bd7 17. b4 Bd8 18. Nb3 b6 19. c5 h5 20. Nd4 Rc8 21. a4 h4
22. h3 Ra8 23. Rdc1 a5 24. b5 bxc5 25. Qxc5 cxb5 26. axb5 Rc8 27. Qxc8 Bxc8 28.
Rxc8 Rd7 29. Nxe6 Qf5 30. Rxd8+ Rxd8 31. Nxd8 Qd7 32. b6 Qxd8 33. b7 {CandelotClemen a perdu au temps} 1-0

[Event "Tournament 14472 - Europe Echecs"]
[Site "Europe Echecs"]
[Date "2020.07.10"]
[Round "7"]
[Time "17:16:57"]
[PlyCount "83"]
[White "RobertYoann"]
[Black "LecciaAntoine"]
[WhiteElo "2071"]
[BlackElo "1950"]
[Mode "WEB"]
[Result "0-1"]

1. b3 d5 2. Bb2 Bg4 3. Nf3 Bxf3 4. exf3 e6 5. g3 Nf6 6. Bg2 Be7 7. O-O O-O 8. d3
c5 9. f4 Nc6 10. Nd2 Qc7 11. Nf3 Rfe8 12. Re1 Nd7 13. Ne5 Bf6 14. Qe2 Rac8 15.
c4 Bxe5 16. fxe5 d4 17. f4 Nf8 18. h4 a6 19. h5 Ne7 20. Qg4 Nf5 21. Bc1 Kh8 22.
Bd2 Nd7 23. Be4 f6 24. Bxf5 exf5 25. Qxf5 fxe5 26. Re4 Nf6 27. Rxe5 Rf8 28. Rae1
Nd7 29. Qg4 Nxe5 30. fxe5 Qf7 31. Bf4 Qf5 32. Qf3 Rce8 33. Qxb7 Qxd3 34. e6 Rxf4
35. gxf4 Qg3+ 36. Kf1 Qxf4+ 37. Kg2 Qd2+ 38. Kf1 Rf8+ 39. Qf7 Rxf7+ 40. exf7
Qf4+ 41. Kg2 Qxf7 {RobertYoann a abandonné} 0-1

[Event "Tournament 14472 - Europe Echecs"]
[Site "Europe Echecs"]
[Date "2020.07.10"]
[Round "7"]
[Time "17:16:57"]
[PlyCount "129"]
[White "CuttoliAlexand"]
[Black "AlaimeMaxime"]
[WhiteElo "2044"]
[BlackElo "1834"]
[Mode "WEB"]
[Result "0-1"]

1. d4 Nf6 2. Bf4 g6 3. Nc3 d5 4. Qd2 Bg7 5. O-O-O c6 6. f3 O-O 7. Bh6 Qa5 8. h4
Nbd7 9. e4 dxe4 10. fxe4 e5 11. Bxg7 Kxg7 12. h5 Nxh5 13. Nf3 exd4 14. Qxd4+ f6
15. g4 Ng3 16. Rh3 Nxf1 17. Rxf1 Ne5 18. Rfh1 h5 19. gxh5 Bxh3 20. Rxh3 Rad8 21.
hxg6 Rxd4 22. Nxd4 Kxg6 23. Rg3+ Kf7 24. Nf5 Ng6 25. Nh6+ Kg7 26. Nf5+ Kh7 27.
Rh3+ Kg8 28. Nh6+ Kg7 29. Nf5+ Kf7 30. Rh7+ Ke8 31. Rxb7 Qa6 32. Ng7+ Kd8 33.
Ne6+ Kc8 34. Rc7+ Kb8 35. Rg7 Qf1+ 36. Nd1 Re8 37. Nd4 Ne5 38. b4 Rd8 39. c3
Rxd4 40. cxd4 Qc4+ 41. Kd2 Qxd4+ 42. Ke2 Qxe4+ 43. Ne3 Qf3+ 44. Kd2 Qf2+ 45. Kd1
Qxe3 46. Rg8+ Kb7 47. b5 Qd3+ 48. Ke1 Nf3+ 49. Kf2 Qd4+ 50. Ke2 Qc4+ 51. Kxf3
Qxg8 52. bxc6+ Kxc6 53. a4 Qd5+ 54. Kf4 Qe5+ 55. Kf3 f5 56. a5 Qe4+ 57. Kf2 f4
58. a6 Qe3+ 59. Kf1 Kd5 60. Kg2 Ke4 61. Kf1 Qd2 62. Kg1 Kf3 63. Kh1 Kg3 64. Kg1
Qg2# {CuttoliAlexand est échec et mat} 0-1

[Event "Tournament 14472 - Europe Echecs"]
[Site "Europe Echecs"]
[Date "2020.07.10"]
[Round "7"]
[Time "17:16:57"]
[PlyCount "114"]
[White "DintronoNoe"]
[Black "ArhanTanguy"]
[WhiteElo "1685"]
[BlackElo "2016"]
[Mode "WEB"]
[Result "1-0"]

1. e4 c5 2. Nc3 Nc6 3. Bb5 Nd4 4. Bc4 Nf6 5. e5 d5 6. exd6 e6 7. Nf3 Bxd6 8. O-O
O-O 9. d3 a6 10. Bg5 b5 11. Bb3 Be7 12. Nxd4 cxd4 13. Bxf6 Bxf6 14. Ne4 Be7 15.
f4 Qb6 16. Qh5 Bb7 17. Rae1 a5 18. a3 a4 19. Ba2 Qc6 20. Rf2 Qd7 21. Ref1 Rac8
22. h3 Rfd8 23. f5 Bd5 24. fxe6 Bxe6 25. Bxe6 Qxe6 26. Qxb5 Rb8 27. Qxa4 Rxb2
28. Rxf7 Qxf7 29. Rxf7 Kxf7 30. Qc4+ Kf8 31. Qe6 Rb1+ 32. Kh2 Ra1 33. Qf5+ Kg8
34. Ng5 Bxg5 35. Qxg5 Rc8 36. Qd5+ Kh8 37. Qxd4 Rxa3 38. c4 h6 39. Qd7 Rf8 40.
Qd6 Raa8 41. d4 Rad8 42. Qe5 Rfe8 43. Qf4 Rf8 44. Qd2 Rf5 45. d5 Rd7 46. Qd3 Rg5
47. Qe4 Rd8 48. Qe7 Rc8 49. Qe4 Rd8 50. h4 Rh5 51. d6 Rc5 52. Qe7 Rcc8 53. d7
Ra8 54. c5 Rg8 55. c6 Ra7 56. d8=Q Rxe7 57. Qxe7 {ArhanTanguy a abandonné} 1-0

[Event "Tournament 14472 - Europe Echecs"]
[Site "Europe Echecs"]
[Date "2020.07.10"]
[Round "7"]
[Time "17:16:57"]
[PlyCount "66"]
[White "LambachMaxime"]
[Black "TuillierValent"]
[WhiteElo "1980"]
[BlackElo "1607"]
[Mode "WEB"]
[Result "1-0"]

1. e4 c5 2. Nf3 Nc6 3. Bb5 g6 4. Bxc6 dxc6 5. d3 e6 6. Nc3 Bg7 7. Be3 b6 8. Qd2
Nf6 9. h3 Bb7 10. a4 a5 11. Bh6 O-O 12. h4 c4 13. h5 Ng4 14. Bxg7 Kxg7 15. Qf4
f5 16. hxg6 hxg6 17. Ng5 Qf6 18. Rh7+ Kg8 19. Rxb7 e5 20. Qd2 Rab8 21. Rxb8 Rxb8
22. O-O-O b5 23. axb5 cxb5 24. Nd5 Qd6 25. f3 Nf6 26. Nxf6+ Qxf6 27. dxc4 f4 28.
Qd5+ Kg7 29. Ne6+ Kf7 30. Nxf4+ Kf8 31. Ne6+ Kf7 32. Qd7+ Kg8 33. cxb5 {TuillierValent a abandonné} 1-0

[Event "Tournament 14472 - Europe Echecs"]
[Site "Europe Echecs"]
[Date "2020.07.10"]
[Round "7"]
[Time "17:16:57"]
[PlyCount "76"]
[White "BurgalatEliot"]
[Black "DelmasRaphael"]
[WhiteElo "1963"]
[BlackElo "1325"]
[Mode "WEB"]
[Result "1-0"]

1. Nf3 Nf6 2. d4 e6 3. c4 d5 4. Nc3 Bb4 5. e3 dxc4 6. Bxc4 O-O 7. O-O b6 8. a3
Bd6 9. e4 Nfd7 10. d5 exd5 11. Bxd5 c6 12. Bxf7+ Rxf7 13. Qxd6 Bb7 14. Bg5 Qe8
15. e5 Rf5 16. e6 Nc5 17. b4 Nxe6 18. Rfe1 Bc8 19. Nd4 Rxg5 20. Nxe6 Rg6 21. Ng5
Qf8 22. Qxf8+ Kxf8 23. Nxh7+ Kg8 24. Re8+ Kxh7 25. Rxc8 Re6 26. f3 Kg6 27. Rd1
a6 28. Rdd8 Ra7 29. Rxb8 b5 30. Ne4 Rae7 31. Kf2 Rf7 32. Kg3 Re5 33. h4 Rfe7 34.
Kg4 Rxe4+ 35. fxe4 Rxe4+ 36. Kf3 Rxh4 37. Rd6+ Kh7 38. Rxc6 {DelmasRaphael a abandonné} 1-0

[Event "Tournament 14472 - Europe Echecs"]
[Site "Europe Echecs"]
[Date "2020.07.10"]
[Round "7"]
[Time "17:16:57"]
[PlyCount "148"]
[White "CaptonRafael"]
[Black "AdrianLeopold"]
[WhiteElo "1737"]
[BlackElo "2061"]
[Mode "WEB"]
[Result "1-0"]

1. e4 e6 2. d3 d5 3. Nd2 Nc6 4. Ngf3 Nf6 5. g3 dxe4 6. dxe4 e5 7. Bg2 Bc5 8. O-O
O-O 9. b3 Bg4 10. Bb2 Qe7 11. h3 Bh5 12. g4 Bg6 13. Qe2 Rad8 14. Rad1 Rfe8 15.
Kh1 a6 16. Nh4 Nd4 17. Bxd4 Bxd4 18. Nxg6 hxg6 19. Nf3 Bb6 20. Rd3 Rxd3 21. cxd3
Rd8 22. Rd1 Ne8 23. Nd2 Nd6 24. Nf3 Nb5 25. Qc2 f6 26. a4 Nd4 27. Nxd4 Rxd4 28.
f3 Qd7 29. Bf1 Ba7 30. Rc1 c5 31. Qc3 f5 32. Kg2 b5 33. axb5 Qxb5 34. Qc2 a5 35.
gxf5 gxf5 36. Rb1 f4 37. Qa2 Kh7 38. Qf2 Qe8 39. Qh4+ Kg8 40. Be2 Rd6 41. Kh2
Rh6 42. Qg4 Rg6 43. Qh4 Bb6 44. d4 cxd4 45. Bc4+ Kf8 46. Rc1 Bd8 47. Qh7 Bf6 48.
Bd5 Rh6 49. Qg8+ Ke7 50. Rc7+ Kd8 51. Rc8+ Kxc8 52. Qxe8+ Kc7 53. Be6 Kb6 54.
Qb8+ Kc5 55. Qc7+ Kb4 56. Qc4+ Ka3 57. Qa4+ Kb2 58. Qxa5 Bh4 59. Qd2+ Ka3 60. b4
Rxe6 61. b5 Bg3+ 62. Kg2 Ka4 63. Qa2+ Kxb5 64. Qxe6 Kb4 65. Qxe5 Kc3 66. Qc5+
Kd3 67. e5 g5 68. e6 g4 69. hxg4 Bh4 70. Kh3 Bg5 71. Qxg5 Ke3 72. Qe5+ Kxf3 73.
Qxd4 Ke2 74. e7 {AdrianLeopold a abandonné} 1-0

[Event "Tournament 14472 - Europe Echecs"]
[Site "Europe Echecs"]
[Date "2020.07.10"]
[Round "7"]
[Time "17:16:57"]
[PlyCount "80"]
[White "BabaudAntoine"]
[Black "ChardonHeremoa"]
[WhiteElo "1943"]
[BlackElo "1600"]
[Mode "WEB"]
[Result "1-0"]

1. d4 d5 2. c4 e6 3. Nc3 Nf6 4. Bg5 Nbd7 5. e3 c6 6. Bd3 Bd6 7. Nf3 Qc7 8. Bh4
O-O 9. Bg3 dxc4 10. Bxc4 Nb6 11. Bd3 Nbd5 12. O-O Bxg3 13. hxg3 h6 14. Rc1 Qe7
15. Bb1 Re8 16. Qd3 Nb4 17. Qe2 Nbd5 18. a3 Nxc3 19. Rxc3 Nd5 20. Qd3 f5 21.
Rcc1 Qf6 22. e4 Ne7 23. Rfe1 Ng6 24. exf5 Nf8 25. fxe6 Rxe6 26. Ba2 Kh8 27. Bxe6
Nxe6 28. d5 cxd5 29. Qxd5 Qxb2 30. Rxc8+ Rxc8 31. Qxe6 Rf8 32. Qe7 Rf6 33. Qb4
Qa2 34. Qxb7 Qxa3 35. Re8+ Kh7 36. Qe4+ Rg6 37. Nh4 Qa1+ 38. Kh2 Qf6 39. Nxg6
Qxg6 40. Rh8+ {ChardonHeremoa a abandonné} 1-0

[Event "Tournament 14472 - Europe Echecs"]
[Site "Europe Echecs"]
[Date "2020.07.10"]
[Round "7"]
[Time "17:16:57"]
[PlyCount "85"]
[White "FloresVictor"]
[Black "courjalpauline"]
[WhiteElo "1741"]
[BlackElo "1848"]
[Mode "WEB"]
[Result "0-1"]

1. e4 e6 2. d3 d5 3. Nd2 Nc6 4. g3 Nf6 5. Bg2 dxe4 6. dxe4 e5 7. Ngf3 Bc5 8. O-O
O-O 9. c3 a5 10. a4 Qe7 11. Qc2 Rd8 12. h3 b6 13. Re1 Ba6 14. Bf1 Bxf1 15. Nxf1
Qd7 16. Kg2 Qd3 17. Qxd3 Rxd3 18. Bg5 Be7 19. Bxf6 Bxf6 20. Rad1 Rad8 21. Ne3
Na7 22. Nd5 Rxd1 23. Rxd1 Kf8 24. Rd2 Be7 25. Nxc7 Rc8 26. Nd5 Rc4 27. b3 Rxe4
28. Kf1 b5 29. Nxe7 Kxe7 30. Ng5 f5 31. Nxh7 bxa4 32. Ng5 axb3 33. Nxe4 fxe4 34.
Ke2 a4 35. Rb2 Nb5 36. c4 a3 37. Rxb3 a2 38. cxb5 a1=Q 39. b6 Qa2+ 40. Ke3 Qxb3+
41. Kxe4 Qxb6 42. Kxe5 Qxf2 {FloresVictor a abandonné} 0-1

[Event "Tournament 14472 - Europe Echecs"]
[Site "Europe Echecs"]
[Date "2020.07.10"]
[Round "7"]
[Time "17:16:57"]
[PlyCount "120"]
[White "LarmetNino"]
[Black "AtliCeline"]
[WhiteElo "1818"]
[BlackElo "1640"]
[Mode "WEB"]
[Result "1-0"]

1. e4 c5 2. Nc3 Nc6 3. g3 b6 4. Bg2 Bb7 5. d3 e6 6. Nge2 Be7 7. O-O Nf6 8. f4
O-O 9. h3 d5 10. exd5 exd5 11. g4 d4 12. Ne4 Rb8 13. Nxf6+ Bxf6 14. Ng3 g6 15.
Ne4 Bg7 16. f5 gxf5 17. gxf5 Ne5 18. f6 Bh8 19. Qh5 Bxe4 20. Qxe5 Bg6 21. Bf4
Rc8 22. Bb7 Bxf6 23. Qd6 Bg7 24. Bxc8 Qxc8 25. Kh2 Rd8 26. Qc7 Qa8 27. Rae1 Bf8
28. h4 h5 29. Rg1 Re8 30. Rxe8 Qxe8 31. Qe5 Qd8 32. Qxh5 Bg7 33. Qg4 Qd5 34. h5
Qxh5+ 35. Qxh5 Bxh5 36. Bb8 a6 37. Ba7 b5 38. Bxc5 Kh7 39. Rf1 Kg8 40. Kg3 Bg6
41. Kf4 Bh6+ 42. Ke5 Bg7+ 43. Kd5 Bh5 44. Bxd4 Bxd4 45. Kxd4 Kg7 46. Ke5 Be2 47.
Rf2 Bd1 48. c3 Bh5 49. d4 Bg6 50. Rf6 Bb1 51. a3 a5 52. d5 b4 53. axb4 axb4 54.
cxb4 Ba2 55. d6 Kf8 56. b5 Bc4 57. b6 Ke8 58. b7 Ba6 59. b8=Q+ Kd7 60. Qc7+ {AtliCeline a abandonné} 1-0

[Event "Tournament 14472 - Europe Echecs"]
[Site "Europe Echecs"]
[Date "2020.07.10"]
[Round "7"]
[Time "17:16:57"]
[PlyCount "47"]
[White "VerhilleGabin"]
[Black "CarlierBromber"]
[WhiteElo "1660"]
[BlackElo "1790"]
[Mode "WEB"]
[Result "0-1"]

1. e4 e5 2. Nf3 Nc6 3. d4 exd4 4. Nxd4 Bc5 5. Be3 Bb6 6. Nf5 g6 7. Bxb6 axb6 8.
Nd4 d5 9. exd5 Qxd5 10. Nxc6 Qxd1+ 11. Kxd1 bxc6 12. Bd3 Nf6 13. Re1+ Be6 14.
Bc4 O-O-O+ 15. Bd3 Bf5 16. Kd2 Rd7 17. Nc3 Rhd8 18. Re3 Ng4 19. Rg3 Nxf2 20. Rf1
Nxd3 21. cxd3 Rxd3+ 22. Rxd3 Bxd3 23. Ke3 Bxf1 {VerhilleGabin a abandonné} 0-1

[Event "Tournament 14472 - Europe Echecs"]
[Site "Europe Echecs"]
[Date "2020.07.10"]
[Round "7"]
[Time "17:16:57"]
[PlyCount "51"]
[White "LordierSophia"]
[Black "RobichonPierre"]
[WhiteElo "1776"]
[BlackElo "1573"]
[Mode "WEB"]
[Result "0-1"]

1. d4 Nf6 2. c4 g6 3. Nc3 d5 4. Bf4 Bg7 5. Rc1 O-O 6. e3 c5 7. dxc5 dxc4 8. Qxd8
Rxd8 9. Bxc4 Nc6 10. Nf3 Bf5 11. O-O Rac8 12. a3 a5 13. Na4 Nd7 14. Ng5 e6 15.
e4 h6 16. exf5 hxg5 17. Bxg5 Re8 18. fxg6 fxg6 19. Rfe1 Nce5 20. Bb5 Nc6 21.
Rcd1 Nde5 22. f4 Nf7 23. Bh4 Nh6 24. Bf2 Ng4 25. Bxc6 bxc6 {LordierSophia a perdu au temps} 0-1

[Event "Tournament 14472 - Europe Echecs"]
[Site "Europe Echecs"]
[Date "2020.07.10"]
[Round "7"]
[Time "17:16:57"]
[PlyCount "124"]
[White "AllardNedellecG"]
[Black "FondratJohan"]
[WhiteElo "1768"]
[BlackElo "1509"]
[Mode "WEB"]
[Result "1-0"]

1. e4 c5 2. Nf3 Nc6 3. Bb5 d6 4. c3 Nf6 5. Qc2 a6 6. Bxc6+ bxc6 7. O-O g6 8. h3
Bg7 9. d3 O-O 10. Be3 a5 11. Nbd2 a4 12. Rfd1 a3 13. b3 Ba6 14. Rac1 Nd7 15. d4
cxd4 16. cxd4 Bb5 17. Nc4 Nb6 18. Nxb6 Qxb6 19. d5 Qa6 20. dxc6 Bb2 21. Rb1 Qxc6
22. Qxc6 Bxc6 23. Nd2 Rfc8 24. f3 Bb5 25. Nf1 Rc2 26. Rd2 Rac8 27. Bg5 f6 28.
Be3 Rxd2 29. Nxd2 Rc2 30. Kf2 Bd4 31. Rd1 Bxe3+ 32. Kxe3 Rxa2 33. Rc1 Kf7 34. g3
Rb2 35. Ra1 a2 36. Rc1 Ke6 37. f4 Kf7 38. Ra1 f5 39. exf5 gxf5 40. h4 Bd7 41.
Kd3 Kg6 42. Kc3 Rxd2 43. Kxd2 Kh5 44. Rxa2 Kg4 45. Ra7 Be6 46. Rxe7 Bxb3 47.
Rg7+ Kf3 48. Kd3 Ba4 49. Kd4 Be8 50. Kd5 Bg6 51. h5 Bxh5 52. Rxh7 Bg4 53. Kxd6
Kxg3 54. Ke5 Kf3 55. Rf7 Kg3 56. Rxf5 Bxf5 57. Kxf5 Kh4 58. Kg6 Kg4 59. f5 Kf4
60. f6 Ke5 61. f7 Ke6 62. f8=Q {FondratJohan a abandonné} 1-0

[Event "Tournament 14472 - Europe Echecs"]
[Site "Europe Echecs"]
[Date "2020.07.10"]
[Round "7"]
[Time "17:16:57"]
[PlyCount "75"]
[White "BietteAntonin"]
[Black "RebutPaul"]
[WhiteElo "1569"]
[BlackElo "1966"]
[Mode "WEB"]
[Result "0-1"]

1. e4 d5 2. exd5 Qxd5 3. d4 Nf6 4. Nc3 Qa5 5. Nf3 Bf5 6. Be2 e6 7. O-O Bb4 8.
Bd2 Nc6 9. a3 Bxc3 10. Bxc3 Qb6 11. Re1 O-O 12. d5 Nxd5 13. Nd4 Nxc3 14. bxc3
Nxd4 15. cxd4 Rad8 16. Rb1 Qxd4 17. Qxd4 Rxd4 18. Rxb7 Ra4 19. Rxc7 Rxa3 20. Rc1
Rd8 21. c4 Ra2 22. Bf3 e5 23. Bd5 Bg6 24. Re7 a5 25. c5 Kf8 26. Rxe5 f6 27. Bxa2
fxe5 28. c6 Bf5 29. h3 Ke7 30. g4 Bc8 31. Rc5 Rd1+ 32. Kg2 Kd6 33. Rxa5 Ra1 34.
Kf3 Be6 35. c7 Kxc7 36. Rc5+ Kd6 37. Rc8 Bxc8 {BietteAntonin a abandonné} 0-1

[Event "Tournament 14472 - Europe Echecs"]
[Site "Europe Echecs"]
[Date "2020.07.10"]
[Round "7"]
[Time "17:16:57"]
[PlyCount "48"]
[White "DosSantosLilia"]
[Black "BriandAmaury"]
[WhiteElo "1527"]
[BlackElo "1929"]
[Mode "WEB"]
[Result "1-0"]

1. e4 e5 2. Nf3 Nc6 3. Nc3 Nf6 4. Bc4 Nxe4 5. Nxe4 d5 6. Bd3 Nb4 7. O-O dxe4 8.
Bxe4 f5 9. Bd3 e4 10. Bc4 exf3 11. Re1+ Be7 12. b3 fxg2 13. Bb2 Kf8 14. Qh5 Nd5
15. Bxd5 Qxd5 16. Bxg7+ Kxg7 17. Rxe7+ Kf6 18. Rae1 Rg8 19. Rxh7 Be6 20. Qh4+
Rg5 21. Rh6+ Kf7 22. Qxg5 Rg8 23. Rh7+ Kf8 24. Qe7# {BriandAmaury est échec et mat} 1-0

[Event "Tournament 14472 - Europe Echecs"]
[Site "Europe Echecs"]
[Date "2020.07.10"]
[Round "7"]
[Time "17:16:57"]
[PlyCount "61"]
[White "EvrinSelvam"]
[Black "ClemenconEllio"]
[WhiteElo "1882"]
[BlackElo "1324"]
[Mode "WEB"]
[Result "0-1"]

1. e4 Nf6 2. Nc3 e5 3. Bc4 Bc5 4. Nf3 Nc6 5. O-O d6 6. d3 h6 7. Na4 Bb6 8. Nxb6
axb6 9. c3 Bg4 10. Re1 Qd7 11. d4 exd4 12. cxd4 O-O-O 13. Bb5 Rhe8 14. d5 Nxe4
15. dxc6 bxc6 16. Bd3 Ng5 17. Bxg5 hxg5 18. Rc1 Rh8 19. Qc2 Bxf3 20. Bf5 Bg4 21.
Bxd7+ Bxd7 22. Qa4 Kb7 23. Re7 Rh4 24. Re4 Rh6 25. a3 c5 26. Qb3 Rdh8 27. h3 g4
28. g3 Rxh3 29. Qe3 Rh1+ 30. Kg2 R8h2# {EvrinSelvam est échec et mat} 0-1